Interdit aux moins de 18 ans : Morale, sexe et violence au cinéma (notice n° 1566234)
[ vue normale ]
| 000 -LEADER | |
|---|---|
| fixed length control field | 01396cam a2200133 4500500 |
| 005 - DATE AND TIME OF LATEST TRANSACTION | |
| control field | 20251214001512.0 |
| 041 ## - LANGUAGE CODE | |
| Language code of text/sound track or separate title | fre |
| 042 ## - AUTHENTICATION CODE | |
| Authentication code | dc |
| 100 10 - MAIN ENTRY--PERSONAL NAME | |
| Personal name | Jullier, Laurent |
| Relator term | author |
| 245 00 - TITLE STATEMENT | |
| Title | Interdit aux moins de 18 ans : Morale, sexe et violence au cinéma |
| 260 ## - PUBLICATION, DISTRIBUTION, ETC. | |
| Name of publisher, distributor, etc. | Armand Colin,<br/> |
| Date of publication, distribution, etc. | 2008.<br/> |
| 520 ## - SUMMARY, ETC. | |
| Summary, etc. | Art de voyants mais aussi de voyeurs, le cinéma n'a cessé de flirter avec les interdits. Ceux du sexe et de la cruauté avant tout. Quand la caméra alanguie s'attarde un peu trop sur un genou féminin, quand un plan-séquence couvre tout le déroulé d'une orgie frénétique et baroque, quand s'ouvrent les portes de la nuit et de l'univers des damnés, certains rougissent dans la pénombre, d'autres se pâment d'aise, la plupart en redemandent... Et les censeurs, sujets finalement aux mêmes stimuli que nos organes intimes, entrent en action... Après une étude comparée du problème de la censure en France et aux États-Unis, l'auteur analyse toutes les attitudes possibles face à la représentation de la violence et du sexe au cinéma. Ce livre très vivant et documenté s'appuie sur l'exemple de films et sur le témoignage de spécialistes de ces questions (membre de la Commission de contrôle, psychologue, sociologue, philosophe, etc.). |
| 856 41 - ELECTRONIC LOCATION AND ACCESS | |
| Uniform Resource Identifier | <a href="https://shs.cairn.info/interdit-aux-moins-de-18-ans--9782200346294?lang=fr&redirect-ssocas=7080">https://shs.cairn.info/interdit-aux-moins-de-18-ans--9782200346294?lang=fr&redirect-ssocas=7080</a> |
Pas d'exemplaire disponible.




Réseaux sociaux